书目信息 |
| 题名: |
园林建筑设计
|
|
| 作者: | 杜汝俭 , 李恩山 , 刘管平 主编 | |
| 分册: | ||
| 出版信息: | 北京 中国建筑工业出版社 1986 |
|
| 页数: | 410页 | |
| 开本: | 26cm | |
| 丛书名: | ||
| 单 册: | ||
| 中图分类: | TU986.4 | |
| 科图分类: | ||
| 主题词: | 园林建筑--园林设计 | |
| 电子资源: | ||
| ISBN: | 7-112-01032-2 | |
| 000 | 00913nam0 2200265 450- | |
| 001 | 0101321463 | |
| 005 | 20061201144035.0 | |
| 010 | @a7-112-01032-2@dCNY9.60 | |
| 011 | @a7-112-01032-2 | |
| 100 | @a20060104e20051986em y0chiy0120 ea | |
| 101 | 0 | @achi |
| 102 | @aCN@b110000 | |
| 105 | @aa z 000yy | |
| 106 | @ar | |
| 200 | 1 | @a园林建筑设计@9Yuan Lin Jian Zhu She Ji @f杜汝俭,李恩山,刘管平主编@b专著 |
| 210 | @a北京@c中国建筑工业出版社@d1986@h2005重印 | |
| 215 | @a410页@c图@d26cm | |
| 330 | @a本书的主要内容有:园林与园林建筑和园林发展的一般概述;园林建筑设计的方法和技巧;建筑庭园设计;园林建筑个体设计;园林建筑小品等。 | |
| 606 | 0 | @a园林建筑@x园林设计 |
| 690 | @aTU986.4@v4 | |
| 701 | 0 | @a杜汝俭@4主编@9du ru jian |
| 701 | 0 | @a李恩山@c(建筑设计)@4主编@9li en shan |
| 701 | 0 | @a刘管平@f(1934~)@4主编@9liu guan ping |
| 801 | 0 | @aCN@bAZmarc@c20230901 |
| 905 | @aBZT@dTU986.4@e16@f4@sTU986.4/16 | |
| 园林建筑设计/杜汝俭,李恩山,刘管平主编.-北京:中国建筑工业出版社,1986(2005重印) |
| 410页:图;26cm |
| ISBN 7-112-01032-2:CNY9.60 |
| 本书的主要内容有:园林与园林建筑和园林发展的一般概述;园林建筑设计的方法和技巧;建筑庭园设计;园林建筑个体设计;园林建筑小品等。 |
| ● |
| 相关链接 |
|
|
|
正题名:园林建筑设计
索取号:TU986.4/16
 
预约/预借
| 序号 | 登录号 | 条形码 | 馆藏地/架位号 | 状态 | 备注 |
| 1 | 2000041338 | 2000041338 | 旧书回溯/ [索取号:TU986.4/16] | 在馆 | |
| 2 | 2000041339 | 2000041339 | 旧书回溯/ [索取号:TU986.4/16] | 在馆 | |
| 3 | 2000041340 | 2000041340 | 旧书回溯/ [索取号:TU986.4/16] | 在馆 | |
| 4 | 2000041341 | 2000041341 | 旧书回溯/ [索取号:TU986.4/16] | 在馆 |